| 000 | 02251cam a22005054i 4500 | ||
|---|---|---|---|
| 003 | PE-LiUPU | ||
| 005 | 20250731173257.0 | ||
| 008 | 150616s1986 flu r 000 0 spa d | ||
| 020 | _a9500905612 | ||
| 035 | _a(Sirsi) i9789500905619 | ||
| 040 |
_aPE-LiUPU _bspa _cPE-LiUPU _erda |
||
| 049 | _aPRUA | ||
| 082 | 0 | 4 |
_a261.834 _bF41 _221 |
| 100 | 1 |
_aFesta, Regina, _eautor. |
|
| 245 | 1 | 0 |
_aComunicación popular y alternativa / _cRegina festa. |
| 264 | 1 |
_aFlorida : _bEdiciones Paulinas, _c1986. |
|
| 300 |
_a192 páginas ; _c22 centímetros. |
||
| 336 |
_atext _2rdacontent |
||
| 337 |
_aunmediated _2rdamedia |
||
| 338 |
_avolume _2rdacarrier |
||
| 490 | 0 |
_aComunicación ; _v4 |
|
| 505 | 0 | _aMovimientos sociales, comunicación popular y alternativa -- Las brechas de la industria cultural brasileña -- La prensa alternativa vive. ¡Viva la prensa alternativa! -- La nueva prensa sindical -- Comunicación popular e iglesia -- Comunicación y cultura popular: las prosopopeyas del camino en medio del remolino -- La cultura popular comunica las elecciones de 1982 -- Testimonios, relatos y declaraciones: La historia contada por sus protagonistas. | |
| 526 | _aSEG42 | ||
| 526 | _aSEG41 | ||
| 526 | _aSEG40 | ||
| 526 | _aSEG39 | ||
| 526 | _aP94 | ||
| 526 | _aP87 | ||
| 526 | _aP86 | ||
| 526 | _aP85 | ||
| 526 | _aP77 | ||
| 526 | _aP76 | ||
| 526 | _aP35 | ||
| 650 | 0 | 4 | _aTeología social. |
| 910 |
_ajck _bjvq _cjck |
||
| 942 |
_2ddc _cBOOK |
||
| 949 |
_a261.834 F41 _wDEWEY _c1 _i31255 _lCCODEBUL1 _mBUL _r0 _sY _tBOOK _u2015-4-23 _xTEOLOGIA _zUNKNOWN _0COMPRA _o.STAFF. Colección General |
||
| 949 |
_a261.834 F41 _wDEWEY _c2 _i27675 _lCCODEBUL1 _mBUL _r0 _sY _tBOOK _u2015-6-16 _xTEOLOGIA _zUNKNOWN _0COMPRA _o.STAFF. Colección General |
||
| 994 |
_aC0 _bPEPRU |
||
| 596 | _a1 | ||
| 999 |
_a261.834 F41 _wDEWEY _c43837 _i31255 _f2021-11-12 _g5 _lCCODEBUL1 _mBUL _p20.00 _r0 _sY _tBOOK _u2015-4-23 _xTEOLOGIA _PP35 _0COMPRA _o.STAFF. Colección Teología _d43837 |
||
| 999 |
_a261.834 F41 _wDEWEY _c2 _i27675 _f2021-11-12 _g5 _lCCODEBUL1 _mBUL _p20.00 _r0 _sY _tBOOK _u2015-6-16 _xTEOLOGIA _PP35 _0COMPRA _o.STAFF. Colección Teología |
||
| 980 |
_81 _gALBERTO SANCHEZ Responsable de Automatización |
||